Southville International School and Colleges
Your cart is empty.
  • Cart
  • Lists
    Public lists Eva Luna New books Lux_list list_1
    Your lists Log in to create your own lists
  • Log in to your account
  • Your cookies
  • Search history
Southville International School and Colleges
  • Advanced search
  • Recent comments
  • Most popular
  • Libraries

Log in to your account

Log in with GOOGLE


If you do not have an external account, but do have a local account, you can still log in:

  1. Home
  2. MARC view: An introduction to sustainability:
Normal view MARC view ISBD view

An introduction to sustainability: (Record no. 358779)

[ view plain ]
MARC details
000 -LEADER
fixed length control field 00602nam a2200193Ia 4500
003 - CONTROL NUMBER IDENTIFIER
control field SISC
005 - DATE AND TIME OF LATEST TRANSACTION
control field 20180927103459.0
008 - FIXED-LENGTH DATA ELEMENTS--GENERAL INFORMATION
fixed length control field 180918s9999 xx 000 0 und d
020 ## - INTERNATIONAL STANDARD BOOK NUMBER
International Standard Book Number 9780415706445
050 ## - LIBRARY OF CONGRESS CALL NUMBER
Classification number HC 79 .E5
Item number .M959 2015
100 ## - MAIN ENTRY--PERSONAL NAME
Personal name Mulligan, Martin
245 ## - TITLE STATEMENT
Statement of responsibility, etc Martin Mulligan
Title An introduction to sustainability:
Remainder of title environmental, social and personal perspectives/
260 ## - PUBLICATION, DISTRIBUTION, ETC. (IMPRINT)
Place of publication, distribution, etc NY:
Name of publisher, distributor, etc Routledge
Date of publication, distribution, etc 2015
300 ## - PHYSICAL DESCRIPTION
Extent 309 pages :
Other physical details illustrated ;
Dimensions 24 cm.
500 ## - GENERAL NOTE
General note Includes bibliographic references and index.
650 ## - SUBJECT ADDED ENTRY--TOPICAL TERM
Topical term or geographic name as entry element Sustainability
942 ## - ADDED ENTRY ELEMENTS (KOHA)
Source of classification or shelving scheme Library of Congress Classification
Koha item type Books
Holdings
Withdrawn status Lost status Damaged status Home library Current library Shelving location Date acquired Source of acquisition Total Checkouts Full call number Barcode Date last seen Price effective from Koha item type
      Luxembourg Library Luxembourg Library High School Section 09/18/2018     HC 79 .E5.M959 2015 20564 09/18/2018 09/18/2018 Books

An introduction to sustainability:

APA

Mulligan M., . (2015). An introduction to sustainability. NY: Routledge.

Chicago

Mulligan Martin, . 2015. An introduction to sustainability. NY: Routledge.

Harvard

Mulligan M., . (2015). An introduction to sustainability. NY: Routledge.

MLA

Mulligan Martin, . An introduction to sustainability. NY: Routledge. 2015.

  • Place hold
  • Print
  • Cite
  • Add to your cart (remove)
  • Save record
    BIBTEX Dublin Core MARCXML MARC (non-Unicode/MARC-8) MARC (Unicode/UTF-8) MARC (Unicode/UTF-8, Standard) MODS (XML) RIS
  • More searches
    Search for this title in:
    Other Libraries (WorldCat) Other Databases (Google Scholar) Online Stores (Bookfinder.com) Open Library (openlibrary.org)

Exporting to Dublin Core...

SOUTHVILLE LIBRARY

Southville International School and Colleges Library

1281 Tropical Ave. Cor. Luxembourg St., BF Homes International, Las Pinas City

Tel. No. 8256374 / 252358 Loc. 117/146

Powered by Koha